[Event "22nd Trieste Masters Open 2020"]
[Site "Trieste"]
[Date "2020.09.03"]
[Round "7.2"]
[White "Korneev, Oleg"]
[Black "Moroni, Luca Jr"]
[Result "1/2-1/2"]
[WhiteElo "2517"]
[BlackElo "2530"]
[Annotator "TA"]
[PlyCount "97"]
[EventDate "2020.08.31"]
[EventType "swiss"]
[EventCountry "ITA"]
[SourceTitle "playchess.com"]
[Source "ChessBase"]
[SourceQuality "1"]

{[%evp 14,97,8,8,9,6,10,20,22,0,0,0,0,0,0,0,0,0,0,0,0,-3,0,-52,0,13,50,48,38,38,49,66,96,93,78,92,78,79,76,81,118,114,112,103,114,125,382,377,370,332,343,87,104,104,101,97,102,90,91,93,96,95,81,81,84,100,101,104,107,109,100,62,76,17,83,97,93,95,97,0,0,0,0,0,0,0]} 1. e4 e5 2. Nf3 Nc6 3. Bb5 a6 4. Ba4 Nf6 5. O-O b5 6. Bb3 Bc5 7. Nc3 O-O 8. d3 d6 {C78: Ruy Lopez: Archangelsk and Möller Defences.} 9. Nd5 Nxd5 10. Bxd5 Bd7 11. c3 Rb8 12. d4 {[#]} exd4 $146 ({Predecessor:} 12... Bb6 13. Be3 Qf6 14. a4 exd4 15. cxd4 Nb4 16. Bb3 Bg4 17. a5 Ba7 18. Rc1 c5 19. dxc5 dxc5 {0-1 (40) Steinberg,N (2532)-Jones,G (2654) Minsk 2017}) 13. cxd4 Bb6 14. Re1 Ne7 15. Bb3 c5 16. dxc5 dxc5 17. Bf4 Rb7 18. Bd5 (18. Bc2 $11) 18... Nxd5 (18... Bc6 $1 $15) 19. exd5 $11 Bg4 20. d6 $36 {[%mdl 2048] White is pushing.} Qf6 21. Be5 Bxf3 22. gxf3 Qf5 23. Qd5 Rd7 24. Qc6 Ba5 25. Re3 Bd2 26. Re2 Bg5 27. Bg3 $1 {Threatens to win with Re5.} Bf6 28. Kg2 ({But not} 28. Qxa6 $6 h5 $11) 28... h5 29. h4 $1 c4 $2 {[%mdl 8192]} (29... Rfd8 $16) 30. Rd1 $1 $18 {[%cal Rd1d5] Black must now prevent Rd5.} Rfd8 31. Rd5 Qg6 32. Qxa6 $2 (32. Re4 $1 $18 {is the precise move to win.}) 32... Bxh4 $16 33. Qxb5 Bxg3 34. fxg3 h4 35. g4 Qf6 {White should prevent ...Qf4.} 36. Qxc4 Rxd6 37. Rf5 Qg6 38. Kh3 Rc6 39. Qf4 Re6 40. Rd2 Rxd2 41. Qxd2 {[%mdl 4096] Endgame KQR-KQR} Re8 42. Qd5 Rf8 $1 43. Kxh4 (43. Qd4 $16) 43... Qh6+ {[#]} (43... Qb6 $1 $11 {remains equal.}) 44. Kg3 $1 Qb6 45. Qd2 Rd8 {[#]} 46. Qf2 (46. Qc1 $1 $16) 46... Qd6+ $1 $11 {The position is equal.} 47. Kh3 {Strongly threatening Qe3.} g6 $1 {[%cal Rg6f5]} 48. Rc5 {Qe3 is the strong threat.} Kg7 {And now ...Rh8+ would win.} 49. Kg2 $1 {Blacks defense is rewarded with a draw. Accuracy: White = 81%, Black = 78%.} 1/2-1/2

[Event "22nd Trieste Masters Open 2020"]
[Site "Trieste"]
[Date "2020.09.03"]
[Round "7.3"]
[White "Bosiocic, Marin"]
[Black "Podetti, Davide"]
[Result "1/2-1/2"]
[WhiteElo "2606"]
[BlackElo "2173"]
[Annotator "TA"]
[PlyCount "113"]
[EventDate "2020.08.31"]
[EventType "swiss"]
[EventCountry "ITA"]
[SourceTitle "playchess.com"]
[Source "ChessBase"]
[SourceQuality "1"]

{[%evp 17,113,33,52,0,0,0,8,0,9,2,14,0,14,14,14,13,23,25,18,28,22,18,32,14,41,31,40,38,37,30,31,52,47,7,12,-16,-16,-17,-12,-41,-56,-56,-12,-6,-7,-21,-11,-38,-12,-14,-19,-8,-6,-4,-4,-4,-5,-6,-6,-7,0,0,0,-8,0,-10,-8,-16,-15,-43,-52,-45,-12,-12,-12,-54,-40,-58,-55,-58,0,-67,0,-78,1,-78,-52,-39,-45,-55,-42,-45,-45,-38,-37,-62,-8,-8]} 1. e4 e5 2. Nf3 Nc6 3. Bb5 a6 4. Ba4 Nf6 5. O-O b5 6. Bb3 Bc5 7. c3 d6 8. d4 Bb6 9. a4 Rb8 10. a5 $1 {[%mdl 4] is now more promising than 10.axb5. Played by Anish Giri in June 2020. C78: Ruy Lopez: Archangelsk and Möller Defences.} Ba7 $1 11. h3 O-O 12. Be3 Ra8 13. Nbd2 h6 14. Re1 Re8 15. Qc2 exd4 16. Bxd4 Nxd4 17. cxd4 c5 18. e5 dxe5 $1 19. dxc5 Qc7 {Hoping for ...Bb7.} 20. Rac1 {[#]} Bd7 $146 ({Predecessor:} 20... Kf8 21. Nh4 Be6 22. Bxe6 Rxe6 23. Ne4 g6 24. Nf3 Nxe4 25. Qxe4 Rae8 26. Red1 f5 {1-0 (48) Kevlishvili,R (2473)-Girish,A (2444) Balatonlelle 2019}) 21. Ne4 Nxe4 22. Qxe4 {[%cal Rf3e5]} Bc6 23. Qf5 {[%cal Rf3e5]} Bxf3 $1 24. gxf3 Rad8 25. Kh1 (25. Re4 $5 {[%cal Re4g4]}) 25... e4 $1 ({Don't blunder} 25... Bxc5 $2 {[#]} 26. Rg1 $1 $18 {[%mdl 512]}) 26. Rg1 Bb8 {[%csl Gb8][%cal Rc7h2] [#]} 27. f4 $1 {[%mdl 512]} Kf8 (27... Qxf4 28. Bxf7+) 28. Rg4 (28. c6 $5 {[%cal Rf5h7]}) 28... Rd3 {[%mdl 64] Double Attack} 29. Ba2 Rxh3+ 30. Kg2 $1 $132 {[%mdl 2048] White is not holding back} Rf3 $1 ({Not} 30... h5 $2 31. Rd1 $18) 31. Qh7 Rxf4 32. Qxg7+ ({Avoid the trap} 32. Rxg7 $2 Rxf2+ 33. Kxf2 Qf4+ 34. Ke2 Qf3+ 35. Ke1 Qe3+ 36. Kf1 Qxc1+ 37. Kg2 Qxb2+ 38. Kf1 Qa1+ 39. Ke2 Qxa2+ $19) 32... Ke7 {White must now prevent ...Rd8.} 33. Rd1 Qe5 34. c6 {[%csl Gc6][%cal Rd1d7]} Rxg4+ 35. Qxg4 {Rd7+ would kill now.} Qh2+ 36. Kf1 {Intending Rd7+ and mate.} Qh1+ 37. Ke2 {Threatening mate with Rd7+.} Qf3+ $1 38. Qxf3 exf3+ 39. Kxf3 $11 {[%mdl 4096] Endgame Rd7+ is the strong threat. KRB-KRB} Rd8 40. Re1+ Kf6 41. Bb1 Bc7 42. Be4 Rd2 43. Rh1 Rxb2 44. Rxh6+ Ke5 {And now ...Rb3+ would win.} 45. Rh5+ Ke6 46. Rc5 Rb3+ 47. Kg4 Rb4 48. Kf3 Rb3+ (48... Ra4 $15) 49. Kg2 ({White should try} 49. Kg4 $11) 49... Rb4 ({Better is} 49... Ra3 $15) 50. Bf3 (50. Kf3 $11) 50... Rc4 (50... Rd4 $17) 51. Rh5 (51. Bd5+ $11 Kd6 52. Rxc4 bxc4 53. Bxc4) 51... Rc3 52. Bd5+ Kd6 53. Bxf7 Rxc6 54. Be8 {aiming for Rh6+.} Rc5 55. Rh6+ Ke7 56. Bh5 Bxa5 (56... b4 $15 57. Be2 b3 58. Rxa6 Rg5+ 59. Kf3 Rf5+ 60. Kg4 Rf4+ 61. Kh5 b2) 57. Rxa6 {Accuracy: White = 74%, Black = 83%.} 1/2-1/2

[Event "22nd Trieste Masters Open 2020"]
[Site "Trieste"]
[Date "2020.09.03"]
[Round "7.4"]
[White "Jovanic, Ognjen"]
[Black "Unuk, Laura"]
[Result "1/2-1/2"]
[WhiteElo "2526"]
[BlackElo "2315"]
[Annotator "TA"]
[PlyCount "117"]
[EventDate "2020.08.31"]
[EventType "swiss"]
[EventCountry "ITA"]
[SourceTitle "playchess.com"]
[Source "ChessBase"]
[SourceQuality "1"]

{[%evp 13,117,2,11,-17,26,34,24,17,27,33,35,0,85,112,94,88,88,85,133,77,136,73,69,52,116,66,131,147,215,93,119,46,42,47,85,101,120,128,129,94,183,83,130,62,65,29,104,29,27,29,53,67,102,27,41,54,82,68,67,46,71,50,72,38,43,56,48,39,60,48,45,33,35,35,29,35,54,14,52,26,70,20,24,-7,0,5,40,22,27,10,12,0,58,8,12,18,20,15,50,47,49,-8,-8,-8,-8,-8]} 1. d4 Nf6 2. c4 e6 3. Nf3 b6 4. a3 Bb7 5. Nc3 d5 6. Qc2 c5 7. cxd5 Nxd5 8. Bg5 {E12: Queen's Indian: Unusual White 4th moves, 4 a3, 4 Nc3 Bb7 5 a3 and 4 Nc3 Bb7 .} f6 9. Bd2 Nc6 {[#]} 10. dxc5 $146 {White has an edge.} ({Predecessor:} 10. e4 Nxc3 11. dxc5 Nxe4 12. Qxe4 Qc8 13. Bc4 Nd8 14. Qg4 bxc5 15. O-O-O Ba6 16. Ba5 e5 17. Rxd8+ Qxd8 18. Qe6+ {1-0 (18) Smithers,S (2458)-Jordan,W (2410) ICCF email 1999}) 10... Bxc5 11. e3 Rc8 12. Bc4 Nce7 (12... O-O $11) 13. Rd1 $16 Qd7 14. Qb3 a6 15. Ne4 Qc6 16. Bd3 (16. Nxc5 $142 Qxc5 17. Bd3) 16... Kf7 ({Better is} 16... O-O) 17. Qa2 (17. O-O $142) 17... Rhd8 {next ...Nf4! is good for Black.} 18. O-O h6 (18... Ng6 $14) 19. Nxc5 Qxc5 {[#]} (19... bxc5 $14 20. Ba5 Rd7) 20. e4 $1 Qd6 (20... Nc7 $16 21. Be3 Qh5) 21. Bc4 (21. exd5 $18 Bxd5 22. Qb1) 21... Nc7 22. Qb1 (22. Rfe1 $16) 22... Qc6 $14 23. Bd3 Nb5 24. Be3 Rd7 25. Rc1 Qd6 {aiming for ...Rxc1.} 26. Bc4 Rcd8 (26... Rdc7 $16 {is a better defense.} 27. Rfd1 Bxe4 28. Rxd6 Nxd6 29. Bxe6+ Kxe6 30. Nd4+ Kf7 31. Qa2+ Bd5) 27. Be2 (27. a4 $18 Nc7 28. Be2) 27... Ng6 {[#]} 28. Rfd1 (28. a4 $1 $16 {[%cal Ra4b5]} Na7 29. Rfd1) 28... Qb8 29. Re1 Ba8 (29... Qa8 $11 {remains equal.}) 30. Bf1 (30. Qc2 $16) 30... Nd6 $11 31. Nd2 b5 32. f3 Rc8 33. Qa2 ({White should play} 33. Nb3 $16) 33... Rxc1 34. Rxc1 Rc7 35. Rd1 Qc8 36. a4 Bc6 37. Qa3 Nb7 38. b3 Be8 39. axb5 Bxb5 40. Nc4 Rd7 41. Rc1 Qd8 42. Bb6 Qe7 43. Qxe7+ Nxe7 44. Kf2 Nc6 45. Ke3 g5 46. Be2 f5 47. exf5 (47. g3 {is interesting.} Nbd8 48. f4 Kg6 49. Rd1 Rxd1 50. Bxd1 Nf7 51. Bc5) 47... exf5 48. Rd1 (48. g3 {looks sharper.} Kf6 49. Rd1 Rxd1 50. Bxd1 Ke6 51. Kd2) 48... Rxd1 49. Bxd1 a5 50. Kd2 Ke6 51. Kc3 f4 52. Bc2 Nd6 (52... Nb4 $11 53. Be4 (53. Nxa5 Nxc2 54. Kxc2 Nxa5 $11) 53... Nd5+ 54. Kd4 Nxb6 55. Nxb6 Nd6) 53. Nxa5 (53. Bc5 $5 {[%cal Rc4d6]} Nf7 54. Bd3 $14) 53... Nxa5 54. Bxa5 $14 {KBB-KBN} Bf1 55. g3 {gxf4 is the strong threat.} Be2 56. gxf4 gxf4 57. Be4 (57. Kd4 $14) 57... Nxe4+ $11 58. fxe4 Ke5 59. Kd2 {Accuracy: White = 53%, Black = 60%.} 1/2-1/2

[Event "22nd Trieste Masters Open 2020"]
[Site "Trieste"]
[Date "2020.09.03"]
[Round "7.5"]
[White "Lumachi, Gabriele"]
[Black "Tratar, Marko"]
[Result "0-1"]
[WhiteElo "2327"]
[BlackElo "2441"]
[Annotator "TA"]
[PlyCount "92"]
[EventDate "2020.08.31"]
[EventType "swiss"]
[EventCountry "ITA"]
[SourceTitle "playchess.com"]
[Source "ChessBase"]
[SourceQuality "1"]

{[%evp 9,92,0,11,12,26,27,25,27,19,13,39,40,61,9,18,16,16,16,14,-3,-9,-40,-38,-43,-41,-57,43,21,46,50,38,19,78,38,69,75,86,63,77,58,115,81,191,101,106,105,103,72,113,100,121,58,97,0,127,15,16,0,63,78,119,91,109,91,98,0,0,-31,-15,-20,104,35,100,0,0,-50,-50,-50,-56,-85,-79,-212,-217,-234,-231]} 1. d4 Nf6 2. c4 e6 3. Nc3 Bb4 4. g3 Bxc3+ 5. bxc3 d6 6. Bg2 {E20: Nimzo-Indian: 4 g3 and 4 f3.} O-O 7. Nf3 Nc6 8. Qd3 {White has an edge.} e5 {Threatens to win with ...e4.} 9. Nd2 {[#]} Bd7 $146 ({Predecessor:} 9... Re8 10. O-O Qe7 11. e3 e4 12. Qc2 Bf5 13. Ba3 b6 14. Rab1 Qd7 15. Rfd1 Rad8 {½-½ (83) Tarun,K (2313)-Kollars,D (2584) Rome 2019}) 10. O-O Re8 11. e4 (11. f4 $14) 11... Qc8 $11 12. Nb3 Bh3 13. d5 Nb8 14. c5 dxc5 15. Nxc5 Bxg2 16. Kxg2 c6 $1 {[%cal Rc6d5] aiming for ...cxd5.} 17. d6 Nfd7 (17... b6 $1 $15 18. Na4 Re6) 18. Nb3 c5 {Hoping for ...c4.} 19. Na5 $36 {[%mdl 2048] White fights for an advantage.} Nb6 20. Qb5 N8d7 (20... Nc6 $11 {remains equal.}) 21. Bg5 f6 22. Be3 Rb8 23. Rab1 Kh8 24. Rfd1 Re6 (24... Rf8 $14) 25. h4 h5 (25... Re8 $16) 26. a4 (26. Nb3 $1 $18) 26... g6 $16 27. Rd2 Kg7 28. Qb3 Re8 29. f3 Rd8 30. Qe6 (30. Qa3 $16) 30... Re8 31. Qb3 Rd8 $1 32. Kf2 ({Better is} 32. Qc2 $16) 32... Nf8 $11 33. Rg1 Ne6 (33... Qd7 $11) 34. Nc4 $14 Nd7 35. Rdd1 Re8 36. Bc1 Qc6 37. Na5 ({White should try} 37. Qa2 $16) 37... Qb6 $11 38. Qb5 Qxb5 39. axb5 Nb6 {[#]} (39... a6 $11) 40. Be3 (40. f4 $1 $16) 40... Kf7 (40... Red8 $14) 41. Nb3 (41. Rd2 $16) 41... Na4 42. Ra1 Nxc3 43. Nxc5 Nxb5 44. Rgb1 {[#]} a6 $1 45. Na4 (45. d7 $17 {was the only chance.} Re7 46. Rd1) 45... Red8 $19 46. Rd1 {White hopes to continue with d7.} Rxd6 {Accuracy: White = 54%, Black = 64%.} 0-1

[Event "22nd Trieste Masters Open 2020"]
[Site "Trieste"]
[Date "2020.09.04"]
[Round "8.1"]
[White "Unuk, Laura"]
[Black "Lagarde, Maxime"]
[Result "1/2-1/2"]
[WhiteElo "2315"]
[BlackElo "2657"]
[Annotator "TA"]
[PlyCount "18"]
[EventDate "2020.08.31"]
[EventType "swiss"]
[EventCountry "ITA"]
[SourceTitle "playchess.com"]
[Source "ChessBase"]
[SourceQuality "1"]

{[%evp 17,18,0,31]} 1. Nf3 d5 2. d4 Nf6 3. c4 c6 4. Nc3 dxc4 5. a4 Bf5 {[#]} 6. Nh4 $146 ({Predecessor:} 6. e3 e6 7. Bxc4 Bb4 8. O-O O-O 9. Nh4 Bg6 10. Nxg6 hxg6 11. Qc2 Nbd7 12. Rd1 Qe7 13. a5 Rac8 14. Bd2 Rfd8 15. Be1 Bd6 16. g3 b5 17. axb6 axb6 18. Ba6 Rc7 {1-0 (55) Ivanchuk,V (2678)-Giri,A (2764) chess24.com INT 2020}) 6... Bc8 7. Nf3 Bf5 8. Nh4 Bc8 9. Nf3 Bf5 {9...Nbd7 is the recent fashion. Played by Peter Svidler in July 2020.} 1/2-1/2

[Event "22nd Trieste Masters Open 2020"]
[Site "Trieste"]
[Date "2020.09.04"]
[Round "8.2"]
[White "Brunello, Sabino"]
[Black "Bosiocic, Marin"]
[Result "1-0"]
[WhiteElo "2532"]
[BlackElo "2606"]
[Annotator "TA"]
[PlyCount "161"]
[EventDate "2020.08.31"]
[EventType "swiss"]
[EventCountry "ITA"]
[SourceTitle "playchess.com"]
[Source "ChessBase"]
[SourceQuality "1"]

{[%evp 9,161,26,22,20,21,18,18,19,33,20,28,29,38,32,30,31,32,26,25,31,35,33,45,23,12,0,0,0,7,9,27,29,6,0,6,-12,0,-1,17,10,10,7,72,71,66,66,85,90,90,72,65,70,81,67,69,76,102,73,78,28,29,29,53,50,71,63,85,79,135,0,31,0,155,144,143,159,124,130,265,246,979,918,449,771,1679,77,69,69,70,70,93,115,75,80,75,75,75,98,203,195,12837,12837,12837,12837,12837,12838,12845,12846,12848,12847,12850,12847,12848,12848,12850,12850,12850,27999,12851,27999,12851,27999,12851,27999,12851,27999,12851,29977,12851,29978,12851,29979,12851,29982,12851,27999,12851,29984,12851,29985,12851,29986,12851,27999,12851,27999,12851,27999,12851,27999,12851,27999,12851,27999]} 1. d4 Nf6 2. c4 e6 3. Nf3 d5 4. Nc3 a6 5. cxd5 exd5 6. Bg5 {D37: Queen's Gambit Declined: 5 Bf4.} Be6 7. e3 Nbd7 8. Bd3 {The position is equal.} c6 9. h3 Bd6 10. Bf4 (10. Qd2 {feels hotter.} O-O 11. O-O Re8 12. Rfe1 Bc7 13. Qc2) 10... Qc7 11. Bxd6 Qxd6 12. O-O O-O 13. Qb3 {[#]} b6 $146 ({Predecessor:} 13... Rfb8 14. a4 a5 15. Rfc1 g6 16. Nd2 Ne8 17. Ne2 Qe7 18. Nf4 Nd6 19. Qa3 Bf5 {½-½ (52) Giri,A (2764)-Carlsen,M (2863) chess24.com INT 2020}) 14. a4 c5 {aiming for ...c4.} 15. Qa3 Rfb8 16. Rfd1 Qf8 17. Ne2 (17. Rdb1 {is interesting.} h6 18. b4 c4 19. Bc2 Qd6 20. Qc1) 17... c4 {And now ...Qxa3 would win.} 18. Bc2 Qxa3 19. bxa3 Ne8 20. Nc3 Nc7 21. Rab1 b5 22. Kf1 f6 23. Ke1 Rb6 24. Ng1 Nf8 25. Nge2 g5 (25... Ng6 $11 {keeps the balance.}) 26. Rb2 $16 Bd7 27. Rdb1 Rd6 28. Ng3 Ng6 29. Nf5 Bxf5 30. Bxf5 {[%cal Ra4b5]} Nh4 31. g4 Nxf5 32. gxf5 Rd7 33. axb5 axb5 34. a4 bxa4 35. Rb8+ Rd8 36. Rxd8+ Rxd8 37. Nxa4 $14 {[%mdl 4096] Endgame KRN-KRN} Ra8 {[#]} 38. Nc3 $1 Rd8 (38... Ra7 $142) 39. Na4 (39. Rb6 $16) 39... Ra8 40. Nc3 Ra3 $2 (40... Rd8 $1 $11) 41. Kd2 $16 {Black must now prevent Rb8+.} Rb3 42. Rxb3 cxb3 {KN-KN} 43. Kc1 Kg7 (43... Kf7 $16) 44. Kb2 $18 Kh6 $2 (44... Ne8 45. Kxb3 (45. Nxd5 Nd6 $16) 45... Nd6) 45. e4 dxe4 46. Nxe4 Ne8 47. Ng3 $2 (47. d5 $18 Kh5 48. Kxb3) 47... Nd6 48. Kxb3 {Threatens to win with Kb4.} Kg7 49. Kb4 Kf7 50. Kc5 Ke7 51. Kc6 h5 52. Nxh5 {Ng3 is the strong threat.} Nxf5 53. Kd5 Nh4 {[#]} 54. Ke4 $1 f5+ $2 (54... Ke6 55. d5+ Ke7) 55. Ke5 f4 56. Nf6 Nf3+ 57. Kf5 Nxd4+ 58. Kxg5 Nf3+ 59. Kg4 Nd2 60. Kf5 f3 61. Ne4 Nc4 62. Kf4 Nb2 63. Kxf3 Ke6 64. Kg4 Ke5 65. f3 Nd3 66. h4 Nf4 67. h5 Ne6 68. h6 Nf8 69. Kg5 (69. Kh5 $18 Kf5 70. Nd6+ Kf4 71. Ne8) 69... Ke6 70. f4 Kf7 71. Kf5 (71. f5 $18 Nd7 72. f6) 71... Nd7 72. Ng5+ Kg8 73. Kg6 (73. h7+ $18 Kg7 74. Ke6 Nf8+ 75. Kd6) 73... Nf8+ 74. Kf6 (74. Kh5 $18 Kh8 75. Kg4) 74... Kh8 75. f5 Kg8 76. Ke7 {White wants to mate with Ne4.} Kh8 77. Ke8 Kg8 {[#]} 78. h7+ $1 Kh8 (78... Nxh7 79. Nxh7) 79. Ke7 {Ke8 would kill now.} Kg7 80. f6+ Kh8 81. Nf7+ {Accuracy: White = 91%, Black = 77%.} (81. f7 $18 Ng6+ 82. Kf6 Nf8 83. Ne6 Ng6 84. Nf4 Nf8 85. Ke7 (85. Ng6+ Nxg6 86. Kxg6 $11) 85... Kxh7 86. Kxf8) 1-0

[Event "22nd Trieste Masters Open 2020"]
[Site "Trieste"]
[Date "2020.09.04"]
[Round "8.3"]
[White "Moroni, Luca Jr"]
[Black "Jovanic, Ognjen"]
[Result "1-0"]
[WhiteElo "2530"]
[BlackElo "2526"]
[Annotator "TA"]
[PlyCount "107"]
[EventDate "2020.08.31"]
[EventType "swiss"]
[EventCountry "ITA"]
[SourceTitle "playchess.com"]
[Source "ChessBase"]
[SourceQuality "1"]

{[%evp 14,107,22,22,22,18,17,22,24,26,26,20,21,11,10,10,7,14,11,8,11,16,30,18,36,36,36,28,36,36,43,43,43,43,43,36,43,43,36,36,43,36,41,41,55,55,56,55,96,96,96,95,112,102,107,102,103,85,258,263,230,264,253,251,266,257,271,271,271,271,271,189,189,182,319,286,284,191,1112,1120,1080,947,6315,6221,6099,6179,6193,6199,5381,5165,5065,1954,29986,29987,29988,29988]} 1. d4 d5 2. c4 e6 3. Nc3 Be7 4. cxd5 exd5 5. Bf4 c6 6. e3 Bd6 7. Bxd6 Qxd6 8. Bd3 Ne7 {D31: Queen's Gambit Declined: Semi-Slav without ...Nf6 (+ Marshall Gambit and Noteboom) and Exchange Variation lines without ...Nf6.} 9. Qc2 b6 10. Nf3 Ba6 {The position is equal.} 11. Bxa6 Nxa6 12. O-O Nc7 {[%cal Ba6c7,Bc7e6,Be6g5,Bg5e4][%mdl 32]} 13. Rac1 O-O 14. Ne2 Ne6 {[#]} 15. Qa4 $5 $146 {[%mdl 8] An interesting novelty.} ({Predecessor:} 15. Qd3 Rac8 16. Rc2 Rc7 17. Rfc1 Rfc8 18. h3 h6 19. b3 c5 20. dxc5 bxc5 21. Rd1 {0-1 (81) Tregubov,P (2589)-Rychagov,A (2534) Moscow 2017}) 15... a5 16. Rc3 Rfc8 17. Rfc1 Rc7 18. Ne1 Ng5 19. Nd3 Ne4 20. R3c2 Rac8 21. Nc3 Nxc3 22. Rxc3 g6 23. h3 Kg7 24. a3 {[%cal Ba2a3,Ba3b4][%mdl 32]} Ra7 25. Qb3 Rb8 26. Qd1 Rc8 27. Qf3 Rac7 28. b4 axb4 29. axb4 b5 30. Ra3 Qf6 31. Qxf6+ Kxf6 32. Ra6 Ke6 33. g4 f6 34. Rca1 Rb8 35. Ra7 Kd6 $2 {[#] This move loses the game for Black.} (35... Rxa7 $16 36. Rxa7 h6) 36. Rxc7 $1 $18 Kxc7 {[%mdl 4096] Endgame [#] KRN-KRN} 37. Nc5 $1 Kd8 38. Ra7 Rc8 39. Nd7 Rc7 40. Rxc7 Kxc7 41. Nxf6 {KN-KN} h6 42. g5 h5 43. Nh7 Nf5 (43... Kd7 $142 44. Nf8+ Kc7) 44. Nf8 Nh4 45. Kh2 {And now Kg3 would win.} Kd6 $2 (45... Kd8) 46. Kg3 Nf5+ 47. Kf4 Nh4 {[#]} 48. Nxg6 $1 {[%mdl 576] Remove Defender, Deflection} Nxg6+ {KN-KP} 49. Kf5 Ne7+ 50. Kf6 Kd7 51. g6 Ke8 52. g7 {Ke6 would kill now.} Ng8+ 53. Ke6 Nh6 54. f4 {Accuracy: White = 96%, Black = 72%.} 1-0

[Event "22nd Trieste Masters Open 2020"]
[Site "Trieste"]
[Date "2020.09.04"]
[Round "8.4"]
[White "Tratar, Marko"]
[Black "Korneev, Oleg"]
[Result "1/2-1/2"]
[WhiteElo "2441"]
[BlackElo "2517"]
[Annotator "TA"]
[PlyCount "35"]
[EventDate "2020.08.31"]
[EventType "swiss"]
[EventCountry "ITA"]
[SourceTitle "playchess.com"]
[Source "ChessBase"]
[SourceQuality "1"]

{[%evp 15,16,15,16]} 1. Nf3 d5 2. d4 Nf6 3. c4 c6 4. e3 Bf5 5. Nc3 e6 6. Bd3 Bxd3 7. Qxd3 Nbd7 8. O-O Bb4 {[#]} {Predecessor:} 9. Bd2 $146 {D12: Slav Defence: 3 Nf3 Nf6 4 e3 Bf5.} Ba5 10. b4 Bc7 11. b5 O-O 12. bxc6 bxc6 13. cxd5 cxd5 14. Nb5 Nb6 15. Bb4 Re8 16. Ne5 Ne4 17. Rac1 Bxe5 18. dxe5 {1-0 (49) Artemiev,V (2716)-Banusz,T (2628) chess.com INT 2020} 1/2-1/2

[Event "22nd Trieste Masters Open 2020"]
[Site "Trieste"]
[Date "2020.09.04"]
[Round "8.5"]
[White "Podetti, Davide"]
[Black "Maerevoet, Sim"]
[Result "0-1"]
[WhiteElo "2173"]
[BlackElo "2379"]
[Annotator "RC"]
[PlyCount "64"]
[EventDate "2020.08.31"]
[EventType "swiss"]
[EventCountry "ITA"]
[SourceTitle "playchess.com"]
[Source "ChessBase"]
[SourceQuality "1"]
[TimeControl "5400+30"]

1. e4 {[%emt 0:00:00]} c5 {[%emt 0:00:00]} 2. Nf3 {[%emt 0:00:00]} e6 {[%emt 0:00:00]} 3. d4 {[%emt 0:00:00]} cxd4 {[%emt 0:00:01]} 4. Nxd4 {[%emt 0:00:00]} Nf6 {[%emt 0:00:08]} 5. Nc3 {[%emt 0:00:20]} Nc6 {[%emt 0:00:06]} 6. Be2 {[%emt 0:00:57]} Bb4 {[%emt 0:00:08]} 7. Nxc6 {[%emt 0:04:43]} bxc6 {[%emt 0:02:12]} 8. Qd3 {[%emt 0:05:48]} O-O {[%emt 0:12:10]} 9. Bd2 {[%emt 0:04:31]} d5 {[%emt 0:02:40]} 10. e5 {[%emt 0:09:09]} Nd7 {[%emt 0:12:18]} 11. f4 {[%emt 0:01:27]} Nc5 {[%emt 0:04:19]} 12. Qd4 {[%emt 0:03:00]} Qb6 {[%emt 0:01:33]} 13. a3 {[%emt 0:18:39]} Bxc3 {[%emt 0:00:15]} 14. Bxc3 {[%emt 0:00:40]} Ne4 {[%emt 0:00:58]} 15. Qxb6 {[%emt 0:01:19]} axb6 {[%emt 0:00:08]} 16. Bd4 {[%emt 0:00:31]} c5 {[%emt 0:01:43]} 17. Be3 {[%emt 0:00:40]} d4 {[%emt 0:10:27]} 18. Bf3 {[%emt 0:00:17]} dxe3 {[%emt 0:04:43]} 19. Bxe4 {[%emt 0:05:57]} Ra4 {[%emt 0:00:07]} 20. Bf3 {[%emt 0:00:51]} Rxf4 {[%emt 0:02:55]} 21. O-O-O {[%emt 0:00:03]} Rf5 {[%emt 0:03:39]} 22. Rd6 {[%emt 0:00:04]} Rxe5 {[%emt 0:02:25]} 23. Rxb6 {[%emt 0:00:04]} g5 {[%emt 0:04:24]} 24. a4 {[%emt 0:04:00]} f5 {[%emt 0:00:44]} 25. h3 {[%emt 0:00:53]} Kg7 {[%emt 0:11:43]} 26. b3 {[%emt 0:04:21]} h5 {[%emt 0:10:58]} 27. Bxh5 {[%emt 0:07:32]} g4 {[%emt 0:00:20]} 28. hxg4 {[%emt 0:00:08]} e2 {[%emt 0:00:07]} 29. Re1 {[%emt 0:00:30]} Kh6 {[%emt 0:00:08]} 30. Be8 {[%emt 0:04:26]} Rxe8 {[%emt 0:00:17]} 31. gxf5 {[%emt 0:00:02]} Kg5 {[%emt 0:00:54]} 32. fxe6 {[%emt 0:00:16]} Bxe6 {[%emt 0:00:29]} 0-1